01574nam a22003734a 4500001001200000003000800012006001900020007001500039008004100054010001700095020001500112020002100127040002100148035002100169050002800190082002100218245012100239260006800360300002300428504005100451533015200502650006000654650006500714650003800779650003200817650004200849650004700891655002900938700004900967700002401016710001701040856012601057999001701183ebr10069859CaPaEBRm u cr cn|||||||||020311s2003 enka sb 001 0 eng  z 2002023345 z0521818710 z0521524091 (pb.) aCaPaEBRcCaPaEBR a(OCoLC)22811093514aHC460.5.Z9bT423 2003eb04a338/.064/09522100aCrisis and innovation in Asian technologyh[electronic resource] /cedited by William W. Keller, Richard J. Samuels. aCambridge, UK ;aNew York :bCambridge University Press,c2003. axi, 251 p. :bill. aIncludes bibliographical references and index. aElectronic reproduction.bPalo Alto, Calif. :cebrary,d2013.nAvailable via World Wide Web.nAccess may be limited to ebrary affiliated libraries. 0aTechnological innovationsxEconomic aspectszEast Asia. 0aTechnological innovationsxEconomic aspectszSoutheast Asia. 0aFinancial criseszSoutheast Asia. 0aCompetition, International. 0aMicroelectronics industryzEast Asia. 0aMicroelectronics industryzSoutheast Asia. 7aElectronic books.2local1 aKeller, William W.q(William Walton),d1950-1 aSamuels, Richard J.2 aebrary, Inc.40uhttp://site.ebrary.com/lib/rucke/Doc?id=10069859zAn electronic book accessible through the World Wide Web; click to view c42508d42508